01586nas a22002054i 4500952008200000999001700082001001000099003001000109005001700119008004100136022001400177040004100191041000800232100002600240245005600266300005300322520084600375773015101221942000801372 00104070aFUSBCbFUSBCd2019-01-29l0r2019-01-29 00:00:00w2019-01-29yANA c64774d64774768714001CO-MdFUSB20190129162955.0190129s1978 sp ||||| |||| 00| 0 spa d a0210-1041 aCO-MdFUSBbspacCO-MdFUSBdCO-MdFUSB aspa aHuizing, Petereautor14aUna constitución para la iglesiac/ Peter Huizing aNúmero 138b (1978), páginas 364-367c: 20 cm aConcilium celebra anualmente una asamblea general en la que participan todos los miembros del comité de dirección, así teólogos como científicos, y los diversos editores de la revista. De cuando en cuando se otorga a esa asamblea el carácter de congreso y se dedica al estudio de algún tema que el entorno cultural plantea a la teología de la iglesia. El contenido de cada artículo de esta revista y cuyo resultado plasmado aquí, ocurre debido a la estudio y análisis ocurrido en 1977 en una reunión que tuvo lugar en la universidad de Notre Dame, South Bend / Chicago. Los interrogantes que en ella se plantearon fueron éstos: ¿Cuál es la verdadera situación de la Iglesia hoy? ¿Qué se ha hecho y qué está por hacer después del Vaticano II? ¿Será necesario y hasta inaplazable un nuevo concilio? 0 049450960420oR0326tRevista internacional de teología Conciliumw(CO-MdFUSB)8x0210-1041gNúmero 138b (1978), páginas 364-367qPágina 364 cANA